New Year's Day - Taylor Swift (All Lyrics) - Statistics

General Stats
  • This quiz has been taken 481 times
    467 since last reset
  • The average score is 341 of 372
Answer Stats
Lyrics % Correct
the
100%
a
99%
I
99%
on
99%
on)
99%
be
98%
me
98%
You
98%
you
98%
you)
98%
Day
97%
Don't
97%
don't
97%
New
97%
there
97%
Year's
97%
and
96%
And
96%
(And
96%
floor
96%
I'll
96%
when
96%
after
95%
bottles
95%
glitter
95%
in
95%
party
95%
There's
95%
to
95%
(To
95%
with
95%
cleanin'
94%
up
94%
your
94%
Hold
93%
hold
93%
(Hold
93%
memories,
93%
midnights
93%
shoes
93%
they
93%
down
92%
ever
92%
Girls
92%
it's
92%
lobby
92%
Please,
92%
their
92%
will
92%
anywhere
91%
become
91%
carryin'
91%
last
91%
laugh
91%
stranger
91%
want
91%
but
90%
But
90%
could
90%
recognize
90%
hard
89%
page
87%
read
87%
can
86%
night
86%
of
86%
Whose
85%
stay
84%
before,
83%
from
83%
you're
83%
makin'
81%
Polaroids
81%
we're
81%
long
79%
back
78%
mistakes
78%
my
78%
gonna
77%
hardwood
77%
Or
76%
or
76%
taxi
76%
that
76%
wax
76%
Candle
75%
road
75%
three
75%
hand
74%
tell
74%
times
74%
away
73%
babe
72%
if
71%
forevermore
70%
town,
70%
squeeze
69%
wrong
69%
I'm
64%
turnin'
63%
toast
61%
home
60%
lost
60%
out
60%
scared
58%
crawlin'
50%
strike
49%
No matching quizzes found
Score Distribution
Percent of People with Each Score
Percentile by Number Answered
Your Score History
You have not taken this quiz since the last reset